000 00224nam a22000857a 4500
008 160824b xxu||||| |||| 00| 0 eng d
100 _9232
_a Jharna De
245 _aLab Manual Mathematics - X
260 _aNew Delhi
_b Cordova
_c2007
999 _c2887
_d2887